| 000 | 00765nam a2200241 a 4500 | ||
|---|---|---|---|
| 001 | 000036994 | ||
| 003 | DO-SdBNP | ||
| 005 | 20240530073921.0 | ||
| 008 | 120207s 2011 dr 000 0 spa d | ||
| 020 | _a9789945473568 | ||
| 040 |
_aDO-SdBNP _bspa _cBNPHU |
||
| 082 | 4 |
_aRD863.44 _bM425p, 2011 _222 |
|
| 100 | 1 |
_aMateo, Andrés L., _d 1946- _9776 |
|
| 245 | 1 | 0 |
_aPisar los dedos de Dios / _cAndrés L. Mateo ; prólogo Marcio Veloz Maggiolo. |
| 260 |
_aSanto Domingo : _bSantuario, _c2011. |
||
| 300 |
_a117 p. ; _c23 cm. |
||
| 590 | _aInventariado, 2023/MFF | ||
| 650 | 0 |
_aNovela dominicana _9223 |
|
| 650 | 4 | _aLiteratura dominicana | |
| 700 | 1 |
_aVeloz Maggiolo, Marcio, _d1936-2021 _epról. _91104 |
|
| 910 | _aValidado Control de calidad MFF | ||
| 942 |
_2ddc _cLBS1 |
||
| 999 |
_c36484 _d36484 |
||